Millennium stories (Record no. 146460)

MARC details
000 -LEADER
fixed length control field 00502nam a2200217Ia 4500
003 - CONTROL NUMBER IDENTIFIER
control field OSt
005 - DATE AND TIME OF LATEST TRANSACTION
control field 20250918110418.0
008 - FIXED-LENGTH DATA ELEMENTS--GENERAL INFORMATION
fixed length control field 210210b1997 xxu||||| |||| 00| 0 eng d
020 ## - INTERNATIONAL STANDARD BOOK NUMBER
International Standard Book Number 8191654012
040 ## - CATALOGING SOURCE
Transcribing agency AL
041 ## - LANGUAGE CODE
Language code of text/sound track or separate title eng
082 ## - DEWEY DECIMAL CLASSIFICATION NUMBER
Classification number 248.4 MIHM
100 ## - MAIN ENTRY--PERSONAL NAME
Personal name Frank Mihalic
9 (RLIN) 239305
245 ## - TITLE STATEMENT
Title Millennium stories
260 ## - PUBLICATION, DISTRIBUTION, ETC.
Place of publication, distribution, etc. Bangalore
Name of publisher, distributor, etc. Alpha Media
Date of publication, distribution, etc. 1997
300 ## - PHYSICAL DESCRIPTION
Extent 252p
650 ## - SUBJECT ADDED ENTRY--TOPICAL TERM
Topical term or geographic name entry element stories
9 (RLIN) 239306
690 ## - LOCAL SUBJECT ADDED ENTRY--TOPICAL TERM (OCLC, RLIN)
Topical term or geographic name as entry element Christianity
9 (RLIN) 239307
906 ## - LOCAL DATA ELEMENT F, LDF (RLIN)
a 065629
942 ## - ADDED ENTRY ELEMENTS (KOHA)
Source of classification or shelving scheme Dewey Decimal Classification
Koha item type Book
Holdings
Withdrawn status Lost status Source of classification or shelving scheme Damaged status Not for loan Collection code Home library Current library Date acquired Source of acquisition Cost, normal purchase price Total Checkouts Full call number Barcode Date last seen Price effective from Koha item type
    Dewey Decimal Classification     Others St Aloysius Library St Aloysius Library 02/17/2021 ATC Milestones and Memories, Bangalore-560084 150.00   248.4 MIHM 065629 02/17/2021 02/17/2021 Book